000 00620nam a2200241Ia 4500
003 OSt
005 20221005090329.0
006 a|||||r|||| 00| 0
007 ta
008 221004b |||||||| |||| 00| 0 eng d
024 _a103582
037 _cTextual
040 _aCRL
_cCRL
_beng
041 _2eng
_aeng
082 _aP111:75, K2
100 _aWright E
245 0 _aOn your won
_b a guide to study method
260 _aNew York
_bLongman
_c1962
650 _aPHYSICS
700 _a Wallwork J F
942 _hP111:75, K2
_cTEXL
_2cc
999 _c995614
_d995614